00720nam a22001577a 450000500170000000800410001702000220005804000100008008200180009011000260010824500600013426000410019430000110023565000350024650502810028120220203151415.0220203b ||||| |||| 00| 0 eng d a978-969-416-527-1 cUE-CL a928.91bSh134 aShafique, Khurram Ali aIqbal (An Illustrated Biography) / Khurram Ali Shafique aLahorebIqbal Academy Pakistanc2018 a208 p. aBiography - Iqbal - Philospher aContents Preface Prologue Voices Chapter 1 The Young Poet Philosopher (1877-1905) Chapter 2 The Dark Night of the Soul (1905-13) Chapter 3 Illustration (1914-22) Chapter 4 Unsuspected Harmonies (1923-30) Chapter 5 What Lies Beyond (1931-38) Epilogue Legacy Chronology